| 000 | 00520nam a2200145Ia 4500 | ||
|---|---|---|---|
| 008 | 140724s9999 xx 000 0 und d | ||
| 050 |
_aQA 76.9.S88 _b.P125 2011 |
||
| 100 | _aPadua, Jyan Carlo P. | ||
| 245 |
_aOnline registration system for Southville International School and Colleges / _cJyan Carlo P. Padua. |
||
| 260 |
_aLas PiƱas, Philippines : _bSouthville International School and Colleges, _cc2011. |
||
| 300 |
_a88 p. : _bill. ; _c28 cm. |
||
| 521 | _aInformation Technology | ||
| 942 | _cTH | ||
| 999 |
_c228721 _d228721 |
||